| 000 | 00775nam a2200241 i 4500 | ||
|---|---|---|---|
| 003 | DO-SdBNP | ||
| 005 | 20240826135927.0 | ||
| 007 | ta | ||
| 008 | 240826b1970 mx d|||| |||| 00| 0 spa d | ||
| 040 |
_aDO-SdBNP _bspa _cBNPHU _erda |
||
| 082 | 4 | _222 | |
| 245 | 0 | 0 | _aInvestigaciones y decisiones financieras y administrativas / |
| 264 |
_aMéxico : _bEditorial LIMUSA, S.A., _c1970. |
||
| 300 |
_a276 páginas : _bgráficos ; _c24 cm. |
||
| 336 |
_2rdacontent _atexto _btxt |
||
| 337 |
_2rdamedia _asin mediación _bn |
||
| 338 |
_2rdacarrier _avolumen _bnc |
||
| 500 | _aIncluye referencias bibliográficas y notas al pie de las páginas | ||
| 590 | _aInventariado, 2024/BT | ||
| 700 |
_aA. Robichek, Alexander _ecompilador _986406 |
||
| 910 | _abtavárez | ||
| 942 |
_2ddc _cLBS1 |
||
| 999 |
_c57549 _d57549 |
||